| 000 | 00774nam a2200265Ia 4500 | ||
|---|---|---|---|
| 003 | OSt | ||
| 005 | 20221006142424.0 | ||
| 006 | a|||||r|||| 00| 0 | ||
| 007 | ta | ||
| 008 | 221006b |||||||| |||| 00| 0 eng d | ||
| 024 | _a6,345 | ||
| 037 |
_bGift, _cTextual |
||
| 040 |
_aEASL _cEASL _beng |
||
| 041 |
_2eng _aeng |
||
| 082 | _aV495y7N17, L0 | ||
| 100 |
_aHEE Park Chung _9336127 |
||
| 245 | 0 | _aMajor speeches by Korea's Park Chung Hee | |
| 260 |
_aSeoul _bHollym Corporation Publishers Korea _c1970 |
||
| 300 |
_a383p. _ccm. |
||
| 490 |
_v KEL _aNew Horison In Asia III |
||
| 650 | _aKEL | ||
| 700 |
_a SHIK Shin Bum Co. _9647710 |
||
| 942 |
_hV495y7N17, L0 _cTEXL _2CC |
||
| 999 |
_c1074431 _d1074431 |
||